| 000 | 00627nam a22002057a 4500 | ||
|---|---|---|---|
| 003 | OSt | ||
| 005 | 20240604071805.0 | ||
| 008 | 240604b |||||||| |||| 00| 0 eng d | ||
| 020 | _a9789814839419 | ||
| 040 |
_aDWC- Main Lib _cOC |
||
| 082 | _aCirc. 685.3 D395h 2019 | ||
| 100 | _aDenisi, Angelo S. | ||
| 245 |
_aHuman Resource management / _cAngelo S. Denisi and Ricky W Griffin. |
||
| 250 | _aFourth edition | ||
| 260 |
_aSingapore : _bCengage learning, _cc2019. |
||
| 300 |
_aiix, 392 pages : _billustrations ; _c25cm. |
||
| 650 | _a1. Personnel management | ||
| 700 | _aGriffin, Ricky W. | ||
| 942 |
_2ddc _cBK-CIRC _kCirc. _n1 |
||
| 999 |
_c134 _d134 |
||